Statystyki dla Taco Hemingway - Pocztówka z WWA, lato '19

Kliknij tutaj aby rozwiązać quiz!

Ogólne statystyki

  • Ten quiz został rozwiązany 213 razy
  • Średni wynik to 8 z 11

Statystyki odpowiedzi

HintOdpowiedź% Poprawnych
4W piatki leze w wannie
94%
1Czlowiek z dziura zamiast krtani
82%
11Kabriolety
80%
9Sanatorium
75%
10Alert RCB
69%
8Tijuana
69%
2Antysmogowa maska w moim carry-on baggage
68%
3Leci nowy future
66%
5WWA VHS
62%
7Wujek dobra rada
61%
6Wytrawne (z nuta desperacji)
48%

Rozkład punktacji

Percentyl według liczby udzielonych odpowiedzi

Procent ludzi z każdym wynikiem

Twoja historia wyników

Nie rozwiązałeś tego quizu